00436nam a22001577a 450000500170000001000140001702000260003103500170005703700160007408200060009010000190009624500430011526000290015827000680018730000230025520180105143048.0 a1718EN-30 a9780670089116c599.00 aB-682933-934 bAakar adpl aN aAslam, Nadeem  aThe golden legend / cby Nadeem Aslam  c2017aGurgaon bPenguin  a7th Floor, Infinity Tower C, DLF Cyber City, bGurgaon e122002 c23cm(Hb)aix,364p.